000 00342nam a2200133Ia 4500
005 20251222154408.0
008 251222s9999||||xx |||||||||||||| ||spa||
020 _a0-13-031486-2
082 _a004.16/M86
100 _a"Morris Mano, M.Kime, Charles R."
245 0 _aLogic and computer design fundamentals
250 _a2a.ed.
942 _cLIB
999 _c35547
_d35547